000 00729nam a2200229 a 4500
001 19675
003 BD-RjUL
005 20211209000449.0
008 160619s19671966enk b 001 0 eng d
035 _a(BD-RjUL)19735
040 _aDLC
_cDLC
_dm.c
_dEQO
_dBD-RjUL
_beng
041 _aeng
082 0 4 _a338.0942
_bFLO 1967
_223
100 1 _aFlinn, Michael W.
_q(Michael Walter),
_d1917-1983.
_97470
245 1 4 _aThe origins of the industrial revolution /
_cM.W. Flinn.
260 _aLondon :
_bLongmans,
_c1966,[Impression1967]
300 _ax, 114 p. ;
_c22 cm.
500 _aindex
650 0 _aIndustries
_zGreat Britain
_xHistory.
_960455
651 0 _aGreat Britain
_xEconomic conditions
_y1760-1860.
_97565
942 _2ddc
_cBK
_01
999 _c19675
_d19675